| 000 | 00648nam a2200193 a 4500 | ||
|---|---|---|---|
| 008 | 120416s1993 ||||||||||||||||| || u | ||
| 020 | _a0750612029 | ||
| 050 | _aTK 145 ELE | ||
| 100 | _aSay, Maurice George | ||
| 245 | 1 | 0 |
_aElectrical engineer's reference book.(15th ed.) _cedited by G. R. Jones |
| 250 | _a15th ed. | ||
| 260 |
_aOxford _bNewnes _c1993 |
||
| 300 | _aVarious pagings : ill. | ||
| 350 | _a0.00 | ||
| 650 | _aELECTRIC ENGINEERING | ||
| 700 | _aLaughton, M. A | ||
| 700 | _aJones, Gordon Rees | ||
| 995 |
_D0.00 _FCBU-MAIN LIBRARY (Kitwe) _H1 _I65.00 _M1 _UREFERENCE _ZReference Collection |
||
| 999 |
_c41464 _d41464 |
||